| Tag |
First Indicator |
Second Indicator |
Subfields |
| LEADER |
00000cam a2200000 a 4500 |
| 001 |
in00000024852 |
| 005 |
20151007054425.0 |
| 008 |
850218s1984 enk 00011 eng d |
| 010 |
|
|
|a gb 84029419
|
| 015 |
|
|
|a GB84-29419
|
| 020 |
|
|
|a 0850314445 (cased) :
|c £6.95
|
| 020 |
|
|
|a 0850314453 (pbk) :
|c No price
|
| 035 |
|
|
|a (OCoLC)11796918
|
| 035 |
|
|
|9 AAB5010AM
|
| 040 |
|
|
|a UKM
|c UKM
|d TXA
|d UtOrBLW
|
| 041 |
1 |
|
|a eng
|h spa
|
| 049 |
|
|
|a TXAM
|c [A11053267]
|
| 050 |
|
4 |
|a PT3919.T7
|b R33 1984
|
| 082 |
0 |
|
|a 833/.912
|2 19
|
| 090 |
|
|
|a PT3919.T7
|b R313 1984
|
| 100 |
1 |
|
|a Traven, B.
|
| 240 |
1 |
3 |
|a La rebelión de los colgados.
|l English
|
| 245 |
1 |
4 |
|a The rebellion of the hanged /
|c B. Traven.
|
| 264 |
|
1 |
|a London ;
|a New York :
|b Allison & Busby,
|c 1984.
|
| 300 |
|
|
|a 248 pages ;
|c 21 cm.
|
| 336 |
|
|
|a text
|b txt
|2 rdacontent
|
| 337 |
|
|
|a unmediated
|b n
|2 rdamedia
|
| 338 |
|
|
|a volume
|b nc
|2 rdacarrier
|
| 500 |
|
|
|a Translation of: La rebelión de los colgados.
|
| 999 |
|
|
|a MARS
|
| 999 |
f |
f |
|s ad1e16c8-6901-38e7-a888-fe8b8676e9f5
|i 2925babe-91ae-3067-a416-8ca8e75fd4a7
|t 0
|
| 952 |
f |
f |
|p normal
|a Texas A&M University
|b College Station
|c Sterling C. Evans Library
|d Evans: Library Stacks
|t 0
|e PT3919.T7 R313 1984
|h Library of Congress classification
|i unmediated -- volume
|m A14811053267
|
| 998 |
f |
f |
|a PT3919.T7 R313 1984
|t 0
|l Evans: Library Stacks
|